000 00348nam a2200109Ia 4500
008 220216s9999 xx 000 0 und d
100 _aHastings J D
245 4 _aThe Effect of the conditions of drying on the ageing properties of sheet rubber
260 _bJournal of the Rubber Research Institute of Malaya
_c1935
300 _a90-104
942 _cJS
999 _c70647
_d70647